Countries Ending in "Y" - Statistics

General Stats
  • This quiz has been taken 723 times
  • The average score is 7 of 8
Answer Stats
Hint Answer % Correct
P Paraguay
92%
U Uruguay
92%
H Hungary
90%
G Germany
87%
I Italy
84%
T Turkey
82%
N Norway
79%
V Vatican City
75%
No matching quizzes found
Score Distribution
Percent of People with Each Score
Percentile by Number Answered
Your Score History
You have not taken this quiz